Formirovanije sistemy predprinimateľskoj kuľtury u studentov ekonomičeskogo profilja, izučajuščich russkij jazyk

Tradície a korene podnikateľskej činnosti v Slovenskej republike. Podnikateľská kultúra v súčasnosti v SR - etika alebo zisk. Formovanie podnikateľskej kultúry na vysokej škole. Metódy formovania morálnych zásad budúcich podnikateľov.

Saved in:
Bibliographic Details
Main Author: Strelková, Katarína
Format: Book Chapter
Language:Russian
Subjects:
Tags: Add Tag
No Tags, Be the first to tag this record!

MARC

LEADER 00000naa a2200000 4500
001 0196881
005 20240502083500.5
041 0 |a rus 
044 |a HU 
245 1 0 |a Formirovanije sistemy predprinimateľskoj kuľtury u studentov ekonomičeskogo profilja, izučajuščich russkij jazyk  |c Katarína Strelková 
520 |a Tradície a korene podnikateľskej činnosti v Slovenskej republike. Podnikateľská kultúra v súčasnosti v SR - etika alebo zisk. Formovanie podnikateľskej kultúry na vysokej škole. Metódy formovania morálnych zásad budúcich podnikateľov. 
610 2 0 |a vzdelávanie vysokoškolské 
610 2 0 |a podnikanie 
610 2 0 |a etika 
610 2 0 |a morálka 
610 2 0 |a kultúra podnikania 
610 2 0 |a študenti 
610 2 0 |a ruština 
610 2 0 |a univerzity 
610 2 0 |a Slovensko 
100 1 |a Strelková, Katarína